00454nam a22001577a 450000500170000000800410001702000180005804100090007608200150008510000120010024500370011226000320014930000250018136500260020650000640023220231110103333.0231110b |||||||| |||| 00| 0 eng d a9781780971803 aEng. a720.8bHIN aHind R. aFace of God : 1000 Images In Art aLondonbcarlton Booksc2012 a320pbPBc21 x 15 cm aINR b2578.70cRupaye a1) God of Nature. 2) Cosmology of God. 3) Forms of the One.